Caminito abajo / (Record no. 50623)

MARC details
000 -LEADER
campo de control de longitud fija 00644nam a2200181 i 4500
001 - NÚMERO DE CONTROL
campo de control 50623
003 - IDENTIFICADOR DE NÚMERO DE CONTROL
campo de control ES-MaACL
005 - FECHA Y HORA DE LA ÚLTIMA TRANSACCIÓN
campo de control 20230906162217.0
007 - CAMPO FIJO DE DESCRIPCIÓN FÍSICA--INFORMACIÓN GENERAL
campo de control de longitud fija t|
008 - DATOS DE LONGITUD FIJA--INFORMACIÓN GENERAL
campo de control de longitud fija 030805s1926 ag ||||1| spa d
100 1# - ENTRADA PRINCIPAL--NOMBRE DE PERSONA
Nombre de persona Chacón Ferral, Antonio.
9 (RLIN) 37765
245 10 - MENCIÓN DEL TÍTULO
Título Caminito abajo /
Mención de responsabilidad, etc. por Antonio Chacón Ferral (An-cha-fe) ; con un prólogo de Antonio Gutiérrez Alfaro y una estrofa augural de Francisco Villaespesa.
260 ## - PUBLICACIÓN, DISTRIBUCIÓN, ETC.
Lugar de publicación, distribución, etc. Buenos Aires :
Nombre del editor, distribuidor, etc. [s.n.],
Fecha de publicación, distribución, etc. 1926 (
Fabricante Imp. Hermanos Ruiz)
300 ## - DESCRIPCIÓN FÍSICA
Extensión 95 p. ;
Dimensiones 19 cm.
700 1# - ENTRADA AGREGADA--NOMBRE PERSONAL
Nombre de persona Gutiérrez Alfaro, Antonio.
9 (RLIN) 61084
700 1# - ENTRADA AGREGADA--NOMBRE PERSONAL
Nombre de persona Villaespesa, Francisco.
9 (RLIN) 114917
852 ## - LOCALIZACIÓN
Ubicación ES-MaACL
Número de control de estantería F-2366
Holdings
Estatus retirado Estado de pérdida Estado de daño No para préstamo Biblioteca de origen Biblioteca actual Ubicación en estantería Fecha de adquisición Fuente de adquisición Total de préstamos Signatura topográfica completa Código de barras Visto por última vez Precio de reemplazo Tipo de ítem Koha
        Biblioteca del Ateneo de Madrid Biblioteca del Ateneo de Madrid Depósito 2 17/01/2008     F-2366 1053245 23/02/2023 23/02/2023 Libro impreso